The A-Z of planning consultants 2009-10 (Record no. 81939)

MARC details
000 -LEADER
fixed length control field 00922cab a22002055a 4500
001 - CONTROL NUMBER
control field L148715
008 - FIXED-LENGTH DATA ELEMENTS--GENERAL INFORMATION
fixed length control field 091027s2009 xxkdo f 001 0 eng d
035 ## - SYSTEM CONTROL NUMBER
System control number (Sirsi) u148715
041 0# - LANGUAGE CODE
Language code of text/sound track or separate title eng
110 2# - MAIN ENTRY--CORPORATE NAME
Corporate name or jurisdiction name as entry element Royal Town Planning Institute
9 (RLIN) 1206
245 04 - TITLE STATEMENT
Title The A-Z of planning consultants 2009-10
260 ## - PUBLICATION, DISTRIBUTION, ETC.
Date of publication, distribution, etc. 2009
490 ## - SERIES STATEMENT
Series statement Planning
Volume/sequential designation September 2009 (supplement)
520 ## - SUMMARY, ETC.
Summary, etc. Discusses the importance of consultants' help to those involved in promoting or assessing plans. Gives full contact information for consultants by region, giving details of their specialisms.
590 ## - LOCAL NOTE (RLIN)
Local note KA
651 #4 - SUBJECT ADDED ENTRY--GEOGRAPHIC NAME
Geographic name United Kingdom
Chronological subdivision
690 ## - LOCAL SUBJECT ADDED ENTRY--TOPICAL TERM (OCLC, RLIN)
Topical term or geographic name as entry element Planning and development
9 (RLIN) 6259
856 41 - ELECTRONIC LOCATION AND ACCESS
Uniform Resource Identifier <a href="https://www.planningresource.co.uk/news/ByDiscipline/Development-Control/913804/Entries-A-Z-Planning-Consultants-2009-10-available-submission-online/">https://www.planningresource.co.uk/news/ByDiscipline/Development-Control/913804/Entries-A-Z-Planning-Consultants-2009-10-available-submission-online/</a>
Public note View the directory free of charge at www.planningresource.co.uk...
942 ## - ADDED ENTRY ELEMENTS (KOHA)
Suppress in OPAC 0
Holdings
Withdrawn status Lost status Source of classification or shelving scheme Damaged status Not for loan Home library Current library Shelving location Date acquired Total Checkouts Full call number Barcode Date last seen Copy number Price effective from Koha item type
    Dewey Decimal Classification     London London Journal article 27/10/2009   L148715 30075672 06/08/2019 1 06/08/2019 Journal article